000 00664cam a2200253 4500
001 M93370
008 090401t xxu||||| |||| 00| 0 eng d
035 _a(Sirsi) u87943
041 _aeng
050 _a333.33094
110 _aEuropean Society of Chartered Surveyors
_92629
245 _aESCS : chartered surveying in Europe.
260 _aLondon
_bRICS
_c1998?
300 _a1 folded sheet ; 21x10cm.
350 _a0
520 _aPublicity leaflet.
650 _aABOUT RICS-RICS MEMBERS
650 _aESCS
650 _aEUROPE
650 _aEUROPEAN SOCIETY OF CHARTERED SURVEYORS
690 _aOVERSEAS-EUROPE
942 _n0
948 _c11/08/1998
999 _c97285
_d97285